[Event "Emilia Romagna tt op"]
[Site "Piacenza"]
[Date "2022.09.24"]
[Round "3"]
[White "Fassa, Simone"]
[Black "Bodria, Francesco"]
[Result "0-1"]
[WhiteElo "999"]
[BlackElo "1396"]
[PlyCount "36"]
[EventDate "2022.09.23"]
[EventType "team-swiss"]
[EventRounds "5"]
[EventCountry "ITA"]
[SourceTitle "EXT 2023"]
[Source "ChessBase"]
[SourceDate "2022.10.05"]
[SourceVersion "1"]
[SourceVersionDate "2022.10.05"]
[SourceQuality "1"]
[WhiteTeam "Bertinelli Young"]
[BlackTeam "Under Promotion"]
[WhiteTeamCountry "ITA"]
[BlackTeamCountry "ITA"]

1. e4 c6 2. d4 d5 3. exd5 cxd5 4. Nc3 Nc6 5. Be3 Bf5 6. Bd3 Bxd3 7. Qxd3 e6 8. 0-0-0 Nge7 9. Nge2 Nf5 10. Nb5 a6 11. Nbc3 Be7 12. g4 Nxe3 13. fxe3 Qa5 14. a3 b5 15. b4 Bxb4 16. axb4 Nxb4 17. Qd2 Qa1+ 18. Nb1 Na2# 0-1